[Event "Corus"]
[Site "Wijk aan Zee"]
[Date "2007.01.21"]
[Round "8"]
[White "Shirov, Alexei"]
[Black "Tiviakov, Sergei"]
[Result "1/2-1/2"]
[WhiteElo "2715"]
[BlackElo "2682"]
[Annotator "Tiviakov,S"]
[PlyCount "64"]
[EventDate "2007.01.13"]
[EventType "tourn"]
[EventRounds "13"]
[EventCountry "NED"]
[EventCategory "19"]
[SourceTitle "CBM 117"]
[Source "ChessBase"]
[SourceDate "2007.03.30"]
[SourceVersion "1"]
[SourceVersionDate "2007.03.30"]
[SourceQuality "1"]

1. e4 c5 2. Nf3 Nc6 3. d4 cxd4 4. Nxd4 g6 5. c4 Nf6 6. Nc3 d6 7. Nc2 Bg7 8. Be2
Nd7 9. Bd2 Nc5 10. b4 Ne6 11. Rc1 a5 $5 $146 12. b5 (12. a3 $5 axb4 13. axb4
Ned4 (13... Ncd4) (13... O-O 14. O-O) (13... Nf4 $5) 14. Nxd4 Nxd4 15. Be3 Nxe2
16. Qxe2 O-O (16... Ra1 17. O-O Rxc1 18. Rxc1 O-O $14) 17. O-O) 12... Ncd4 13.
Nxd4 Bxd4 (13... Nxd4 $5 14. O-O O-O 15. Be3 e5 $5 (15... Nxe2+ 16. Qxe2 $14 {
/\Nd5}) 16. Bd3 b6 17. Re1 Bb7 $13 18. Nd5 Rc8 19. Qd2 Bxd5 20. cxd5 Rc5 21.
Bf1 Qc7 22. Red1 Rc8 23. Bd3 Qd7 24. Rb1 h5 25. Rdc1 Kh7 26. Kh1 R8c7 27. Rxc5
dxc5 28. Bc4 Bf8 29. Qd1 Bd6 30. Rb2 f6 31. Kg1 Qe8 32. a4 Rg7 33. Bd3 Qf7 34.
Rb1 g5 35. Rc1 Kg8 36. Be2 g4 37. Bh6 Rg6 38. Be3 Kf8 39. Kh1 Qg8 40. Rc3 Ke7
41. Bd2 Kd7 42. Be3 Bf8 43. Bc4 Bh6 44. Be2 Kd6 45. Ra3 Qf8 46. Bd3 Rg8 47. Qd2
Bg5 48. Qd1 Qh6 49. Bxd4 exd4 50. g3 Qg7 51. f4 gxf3 52. Qxf3 h4 53. Bf1 Qe7
54. Qg4 Rh8 55. Rf3 hxg3 56. Bh3 Rxh3 57. Qxh3 Qxe4 58. Kg2 gxh2 59. Qxh2+ Kxd5
60. Qc7 Qg4+ 61. Rg3 Qe2+ 62. Kh1 Qe4+ 63. Rg2 Qh4+ 64. Rh2 Qe1+ 65. Kg2 Qe2+
66. Kg3 Qe5+ 67. Qxe5+ fxe5 68. Rh5 Bf4+ 69. Kf3 c4 70. Rh7 c3 71. Rd7+ Kc4 72.
Ke4 c2 {0-1 Balinov,I-Ivanov,M/Schwarzach 2002/EXT 2003 (72)}) 14. Bh6 $5 (14.
O-O O-O $11) 14... Bxc3+ $1 (14... b6 15. Nd5 Bb7 16. Bg4 $14) 15. Rxc3 b6 (
15... Qc7 16. e5 $1 dxe5 17. c5 $36 Nxc5 $140 $2 18. Qd5 $18) 16. O-O (16. e5
dxe5 17. Rd3 Qc7 18. Bf3 Bb7 $15) (16. Bf3 Ra7 $1 (16... Qc7 17. e5 $16) (16...
Bb7 17. e5 $1 Bxf3 18. Qxf3 Rc8 (18... dxe5 $4 19. Qc6+ $18) 19. exd6 Qxd6 20.
O-O $14) 17. e5 (17. O-O f6 $13) 17... dxe5 18. Rd3 (18. Bc6+ Bd7 19. Rd3 {
- 18.Rd3}) 18... Bd7 19. Bc6 Qc8 $44 20. Rxd7 $140 Rxd7 21. Qd5 Nd4 22. Qxe5 f6
23. Bxd7+ (23. Qxd4 $4 Qxc6 $19) 23... Qxd7 24. Qb8+ (24. Qe4 Kf7 $11) 24...
Qd8 25. Qxd8+ Kxd8 26. Be3 Nc2+ 27. Ke2 Nxe3 $11) 16... Qc7 (16... Nc5 $5) (
16... Bb7 $5) 17. Re1 (17. Bg4 Nc5 18. Bxc8 Rxc8 $13) (17. f4 Bb7 18. f5 $140
Nc5 {><e4}) 17... f6 (17... Bb7 18. Bg4 $1 $16 O-O-O $140 $2 19. Rf3 $18) 18.
c5 $5 (18. Qd5 Rb8 {/\Nc5, Be6; /\Nc5, Bb7}) (18. f4 $5 $13 Bb7 $140 19. Bg4)
18... Nxc5 (18... dxc5 19. Bc4 $44 {|^}) (18... bxc5 19. Bc4 $44 {|^}) 19. Bg7
Rg8 20. Bxf6 $1 (20. Qd5 $6 Rxg7 21. Qxa8 Qb7 22. Qxb7 Bxb7 $15) 20... exf6 21.
Qd5 (21. e5 fxe5 22. Qd5 Rf8 (22... Be6 23. Qxa8+ Kf7 24. Qe4 $13) 23. Qxa8 Qb7
24. Qxb7 Bxb7 $15) 21... Be6 22. Qxa8+ $6 (22. Rxc5 $142 Bxd5 23. Rxc7 Bxa2 24.
Rd1 $13 {_|_} (24. Rb7 a4 25. Rxb6 $13 {_|_})) 22... Ke7 $2 (22... Kd7 $142 23.
Qc6+ Qxc6 24. bxc6+ Kxc6 $15 {_|_}) 23. Qc6 Qxc6 24. bxc6 Bxa2 $6 (24... Rc8
$11 {(><c6)} 25. Bb5 $140 Bxa2 $15) 25. Ra3 $1 (25. Ra1 Bb3 $15) 25... Be6 (
25... Bb3 $4 26. Rxb3 Nxb3 27. Bc4 Rc8 28. Bxb3 Rxc6 $16) 26. Rb1 Kd8 27. Rxb6
Kc7 28. Rb1 a4 29. Bd1 (29. Rb4 Bb3 $11) 29... Bb3 30. Bxb3 axb3 31. Raxb3 (31.
Ra7+ Kxc6 32. Rxh7 Rb8 $132 {(o^b3)} 33. Rh3 Rb4 34. Re3 Kb5 $13) 31... Nxb3
32. Rxb3 Kxc6 $11 1/2-1/2

[Event "RUS-Cup3"]
[Site "Omsk"]
[Date "1996.??.??"]
[Round "2"]
[White "Kotsur, Pavel"]
[Black "Egorov, Evgeni"]
[Result "1-0"]
[WhiteElo "2505"]
[BlackElo "2385"]
[Annotator "Tsesarsky,I"]
[PlyCount "66"]
[EventDate "1996.12.13"]
[EventType "swiss"]
[EventRounds "9"]
[EventCountry "RUS"]
[SourceTitle "CBM 057"]
[Source "ChessBase"]
[SourceDate "1997.04.01"]
[SourceVersion "1"]
[SourceVersionDate "1997.04.01"]
[SourceQuality "1"]

1. e4 c5 2. Nf3 Nc6 3. d4 cxd4 4. Nxd4 g6 5. c4 Bg7 6. Nc2 Nf6 7. Nc3 d6 8. Be2
Nd7 9. Bd2 Nc5 10. O-O O-O 11. f3 f5 12. exf5 (12. b4 Ne6 13. exf5 gxf5 14. Kh1
f4 (14... Ned4 15. Nxd4 Nxd4 16. Bd3 (16. Bh6 Bxh6 17. Qxd4 Bg7 18. Qd3 $11)
16... Kh8 17. Re1 e5 18. Ne2 $6 (18. Be3 a5 (18... Nxf3 19. Qxf3 e4 20. Nxe4
Bxa1 21. Rxa1 fxe4 22. Bd4+ $18) (18... Nc6 19. Qb3 $16) 19. a3 (19. b5 Nxf3
20. Qxf3 e4 21. Nxe4 fxe4 22. Qxe4 Bf5 23. Qd5 Bxd3 24. Qxd3 Bxa1 25. Rxa1 Kg8
26. Rd1 $132) 19... axb4 20. axb4 Rxa1 21. Qxa1 Qh4 22. Qd1 Nc6 23. Nd5 Be6 24.
g3 $14) 18... Nxe2 19. Bxe2 Be6 20. Rc1 d5 21. cxd5 Bxd5 22. a3 (22. Bg5 Qxg5
23. Qxd5 $11) 22... e4 {1/2-1/2 Kestler,H-Markland,P/Nice ol 1974}) 15. Rb1 a5
16. b5 Ne5 17. Nd5 Bd7 18. Qe1 Be8 19. Qh4 Ng6 20. Qe1 Ne5 {1/2-1/2 Ostojic,
N-Nevostrujev,V/Novi Sad 1992}) 12... Bxf5 13. Kh1 $146 (13. Be3 Bxc2 14. Qxc2
Nd4 15. Qd2 Nxe2+ 16. Nxe2 $14 {1/2-1/2 Kazarova I-Spiridonova E/Ch Russia 
(cadets) (under 1996 (40)}) 13... Rc8 14. Ne3 Nd4 15. Nxf5 gxf5 16. Re1 $14 f4
$2 (16... e6 $1 {White Squares!} 17. b4 Nd7 18. Bf1 Nb6 19. Be3 Qf6 20. Rc1 $14
) 17. b4 $16 Nd7 18. Nd5 Nb6 (18... e5 $6 19. Bd3 Nf6 20. Nxf6+ Rxf6 (20...
Qxf6 21. Be4 $16) 21. Bc3 (21. Be4 $16) 21... Rh6 $2 22. Bxd4 exd4 23. Qa4 d5 (
23... Qh4 24. h3 $18) 24. cxd5 Qxd5 25. Re8+ Rxe8 26. Qxe8+ Bf8 27. Qc8 $16)
19. Nxf4 (19. Nxb6 Qxb6 20. Bd3 $14) 19... Rxf4 $5 (19... Be5 20. Be3 $1 Nxe2 (
20... Nxc4 21. Bxd4 Bxf4 22. Bxa7 {[%cal Gd1d5]} e6 23. Bxc4 Rxc4 24. Rxe6 Qh4
25. Qg1 Be5 26. Re1 Rxb4 27. R1xe5 dxe5 28. Bc5 Ra8 29. Bxb4 Qxb4 30. Rxe5 Rxa2
31. Qc1 $18) 21. Ne6 $1 Nc3 $1 22. Qc2 Qd7 23. Nxf8 Rxf8 24. Bxb6 axb6 25. Rxe5
dxe5 26. Qxc3 Qd4 27. Rc1 Qxc3 28. Rxc3 e4 29. Kg1 exf3 30. Rxf3 $16) (19...
Nxc4 $5 20. Bxc4+ Rxc4 21. Nh5 (21. Rc1 Rxc1 22. Qxc1 $14) 21... Bh8 (21...
Nxf3 22. gxf3 Bxa1 23. Qxa1 e5 24. Rg1+ $18) (21... Be5 22. f4 Bh8 23. Qg4+ Kf7
24. Qh3 $1 $16 {[%csl Rc4,Rf7,Rh7][%cal Gh3d3]}) 22. Re4 $1 $40 {[%cal Ge4g4]})
20. Bxf4 Nxe2 21. Qxe2 $16 Bxa1 $2 (21... Rxc4 $1 22. Be3 (22. Qe6+ $6 Kh8 23.
Be3 Bxa1 24. Bxb6 Qg8 25. Qxg8+ Kxg8 26. Bxa7 Bf6 $11) 22... Bxa1 23. Bxb6 Qc8
24. Bxa7 Be5 $16) 22. Qe6+ $18 Kh8 23. Rxa1 Rxc4 24. Bg5 Rc7 (24... Qd7 25. Qf7
Rc8 26. Re1 $18) 25. Re1 Qg8 $8 (25... Nc8 26. Be3 $18) 26. Qf5 (26. Qxg8+ Kxg8
27. Bxe7 Nc4 28. a4 $16) 26... Qg7 (26... Nd5 $5 27. h4 (27. Re6 Qc8 28. Qe4
Rc4 29. Qe1 Qg8 30. Qa1+ Qg7 31. Qxg7+ Kxg7 32. a3 Kf7 $15) (27. a3 a6 (27...
e5 28. Bf6+ Nxf6 29. Qxf6+ Rg7 30. Qxd6 $18) 28. h4 $16 Rc4 $2 29. Rxe7 $1 $18)
27... b5 (27... e5 28. Bf6+ Nxf6 29. Qxf6+ Rg7 30. Qxd6 Qxa2 31. Qb8+ Qg8 32.
Qxe5 $18) 28. Re6 $18) 27. h4 h6 (27... Nc8 28. Re6 $1 {[%cal Gg5f6]} Kg8 (
28... Qg8 29. Qg4 {[%cal Gg4d4,Ge6e7]} Qg7 30. Bf6 $18) 29. Bh6 Qf7 $8 30. Qg4+
Kh8 31. Be3 $18) 28. Rxe7 $1 $18 Rxe7 29. Bf6 d5 (29... Rf7 30. Bxg7+ Kxg7 31.
Qg4+ $18) 30. Qg6 Kg8 31. Bxg7 Rxg7 32. Qxh6 d4 33. Qe6+ Kh8 1-0

[Event "ARG-ch 72nd"]
[Site "Pinamar"]
[Date "2002.03.11"]
[Round "1"]
[White "Peralta, Fernando"]
[Black "Felgaer, Ruben Alejandro"]
[Result "1-0"]
[WhiteElo "2490"]
[BlackElo "2509"]
[Annotator "Tsesarsky,I"]
[PlyCount "83"]
[EventDate "2002.03.11"]
[EventType "tourn"]
[EventRounds "13"]
[EventCountry "ARG"]
[EventCategory "9"]
[SourceTitle "CBM 088"]
[Source "ChessBase"]
[SourceDate "2002.03.21"]
[SourceVersion "1"]
[SourceVersionDate "2002.03.21"]
[SourceQuality "1"]

1. Nf3 c5 2. c4 g6 3. d4 cxd4 4. Nxd4 Bg7 5. e4 Nc6 6. Nc2 ({In my opinion,
better is} 6. Be3 $5) 6... Nf6 7. Nc3 d6 8. Be2 O-O 9. O-O a6 10. Bg5 (10. Be3
{-mainline.}) 10... Nd7 {[%cal Gd7c5] Another continuations are not bad also:}
(10... Bd7 $5 11. Ne3 Rc8 12. Qd2 Re8 13. Kh1 Qa5 14. f4 b5 15. a3 (15. Bxf6
Bxf6 16. e5 Bg7 17. cxb5 axb5 18. Bxb5 Be6 19. exd6 Bxc3 20. bxc3 Qxb5 21. d7
Bxd7 22. Qxd7 Qc5 $44 {[%csl Rc3,Re3]}) 15... Be6 16. Rac1 Na7 17. cxb5 Nxb5
18. f5 Bb3 19. Bxb5 axb5 $132 {1/2-1/2 Gufeld,E-Tal,M/Dnepropetrovsk 1970/EXT
2001 (97)}) (10... Be6 11. Rc1 (11. Ne3 Nd7 12. Ned5 Nc5 13. Re1 Bd7 14. Bf1
Ne6 15. Bh4 g5 16. Bg3 $14 {1-0 Milos,G-Lourenco,L/Rio Claro 1998/EXT 99 (28)})
11... Qa5 12. Qd2 Rfc8 13. f3 Rab8 14. Rfd1 b5 (14... Bxc4 15. Bxc4 Qc5+ 16.
Kh1 Qxc4 17. Nd5 Nxd5 18. exd5 Ne5 19. b3 Qc7 20. f4 Ng4 21. Ne3 Qd7 22. Nxg4
Qxg4 23. Bxe7 Qd7 $11) 15. b4 $2 {Based on wrong variations calculation.} Nxb4
$1 (15... Qc7 $2 16. Nd5 $14 {1-0 Harasta,V-Malac,M/Presov 1978/MCD (40)}) 16.
Nd5 Bxd5 17. cxd5 Qb6+ 18. Be3 Bh6 $1 $17 {This very stron refutation was
overlooked by both sides...}) (10... Rb8 11. a4 (11. Qd2 b5 12. cxb5 axb5 13.
f3 b4 14. Nd1 b3 $132 {0-1 Backlund,A-Lassila,E/FIN 1992/EXT 2000 (33)}) 11...
Be6 (11... b6 12. Qd2 Bb7 13. f3 Qd7 14. Rab1 Rfc8 15. Bxf6 exf6 16. Rfd1 $14 {
0-1 Hanisch,B-Zatschek,M/Germany 1998/EXT 99 (44)}) 12. Ne3 Qa5 13. Ned5 Bxd5
14. exd5 Ne5 15. Rc1 Rfc8 16. b3 Ned7 17. Bd2 Nc5 18. Rb1 Qd8 19. Bf3 $14 {
1-0 Meyer,H-Marschner,J/Germany 1989/GER-chT (38)}) (10... e6 $6 {Not in
spirit of this opening scheme.} 11. Qd2 Qc7 12. Rad1 Ne8 13. Kh1 b6 14. Bh6 Bd7
15. Bxg7 Kxg7 16. f4 $14 {1-0 Negrini,C-Palmiotto,F/Italy 1995/EXT 2000 (46)})
11. Qd2 Nc5 {[%csl Rc3,Re4][%cal Gg7c3,Gc5e4] Threatening Bxc3 and Nxe4} 12.
Bh6 $1 {In this opening variation usually White avoids dark-squares BB
exchange, but not in our game...White had to neutralize the active Bg7.} ({
In case of} 12. f3 $6 Qa5 {[%csl Rc3] White can't avoid doubled PP appearance
in his camp:} 13. Rab1 Bxc3 14. bxc3 Na4 15. Rb3 Nc5 16. Rbb1 $11 {with draw
by moves repetition.}) 12... Bxh6 13. Qxh6 f5 $5 14. exf5 Bxf5 15. Ne3 $14 {
White can be satisfied by the opening results: He has slight advantage.} Nd4
16. Bg4 ({Or} 16. Nxf5 Rxf5 17. Rad1 e5 18. Bg4 $14) 16... e5 17. Bxf5 Nxf5 18.
Nxf5 Rxf5 19. Rad1 Ne6 20. Qd2 {[%csl Rd6]} (20. Qe3 $14) 20... Nd4 21. Ne2
Nxe2+ 22. Qxe2 {[%csl Rd6][%cal Gd1d6]} Qb6 23. Rd2 ({Worth of attention} 23.
Qd3 $5 {[%csl Rd6][%cal Gd1d6]} Rf6 (23... Qxb2 24. Qxd6 {[%csl Rg8]} Raf8 25.
Rd2 Qc3 $8 26. Qe6+ R8f7 27. Rfd1 $14) 24. Qd5+ Kh8 25. b3 Raf8 26. Rd2 $14)
23... Raf8 24. b3 Kg7 25. Qe4 Rf4 26. Qd5 R4f6 27. g3 $6 $11 {After this move
White drops his advantage.} ({Interesting was} 27. c5 $5 dxc5 (27... Qxc5 28.
Qxb7+ R8f7 29. Qxa6 $16) 28. Qxe5 $14 {[%csl Rg7]}) 27... R8f7 28. h4 Qc6 29.
Kg2 h5 30. f3 Rc7 31. a4 b5 32. Qxc6 ({In case of} 32. axb5 axb5 {Black
eventually equalizes:} 33. cxb5 Qxd5 34. Rxd5 Kf7 35. b6 (35. f4 $6 Rc2+ 36.
Rf2 (36. Kh1 Rc3 37. Rxd6 $1 Rxg3 38. Rxf6+ Kxf6 $11) 36... Rxf2+ 37. Kxf2 Ke6
$1 38. Rd3 exf4 39. Rf3 Rf5 $11) 35... Rb7 36. Rb5 Ke6 (36... d5 37. Rxd5 Rfxb6
38. Rxe5 Rxb3 $44) 37. f4 Rf5 $1 $11) 32... Rxc6 33. cxb5 axb5 34. a5 Rc3 $6
$14 ({Right was} 34... b4 $1 35. Ra1 Rf7 36. Ra4 Rb7 37. a6 (37. Kf2 Kf6 38.
Ke3 Ke6 $11) 37... Ra7 38. Rxb4 Rcxa6 $11) 35. a6 {[%csl Ga6][%cal Ga6a8]} Rxb3
$4 {[%csl Rb3] Terrible mistake in equal position. R on b3 stays badly, can't
take part in the fight against strong pass P a6.} ({It was necessary to
recognize that previous move was connected with wrong idea and to lose two
tempi, but not the game.} 35... Rc6 $1 36. Ra1 Rf8 37. a7 Ra8 38. Ra5 b4 $14)
36. Ra1 Rf8 37. a7 Ra8 38. Rxd6 Rc3 39. Rd7+ Kh6 40. Rb7 Rcc8 41. Rd1 Rh8 42.
Rdd7 1-0

[Event "Dos Hermanas-A"]
[Site "Dos Hermanas"]
[Date "2003.04.05"]
[Round "9"]
[White "Karjakin, Sergey"]
[Black "Tiviakov, Sergei"]
[Result "1-0"]
[WhiteElo "2547"]
[BlackElo "2635"]
[Annotator "Tsesarsky,I"]
[PlyCount "225"]
[EventDate "2003.03.28"]
[EventType "tourn"]
[EventRounds "9"]
[EventCountry "ESP"]
[EventCategory "16"]
[SourceTitle "CBM 095"]
[Source "ChessBase"]
[SourceDate "2003.07.25"]
[SourceVersion "1"]
[SourceVersionDate "2003.07.25"]
[SourceQuality "1"]

1. e4 c5 2. Nf3 Nc6 3. d4 cxd4 4. Nxd4 g6 5. c4 Nf6 6. Nc3 d6 7. Nc2 Bg7 8. Be2
Nd7 9. O-O Nc5 10. Bd2 O-O 11. b4 Ne6 12. Rb1 (12. Rc1 {-see commented game
1-0 Pigusov,E-Reinderman,D/Ohrid 2001/CBM 84[Tsesarsky,I] (31)}) 12... Ncd4 (
12... a5 13. b5 Ncd4 14. b6 (14. Nxd4 Nxd4 15. b6 e6 16. Be3 Nxe2+ 17. Nxe2 Bd7
18. Qd3 Bc6 19. Rfd1 Qh4 20. f3 Rfd8 21. Bf2 Qg5 22. Nd4 Ba4 23. Rd2 d5 24.
exd5 exd5 25. c5 Rac8 26. Nb5 Bxb5 27. Rxb5 $14 {1-0 Milos,G-Spangenberg,H/
Villa Gesell 1996/CBM 52 (73)}) 14... Bd7 (14... Nxc2 15. Qxc2 Bd7 {-see
commented game Salov,V-Adams,M/Dos Hermanas 1995/CBM 47[Boensch,U] (67)}) 15.
Nxd4 Bxd4 16. Nd5 Bc6 17. Bg4 Bxd5 18. exd5 Nc5 19. Bh6 Bg7 20. Bxg7 Kxg7 21.
Qd4+ Kg8 22. Rfe1 Ra6 23. h4 Rxb6 24. Rxb6 Qxb6 25. Rxe7 $14 {1/2-1/2 Peralta,
F-Felgaer,R/Pinamar 2002/CBM 88 (43)}) 13. Nxd4 Nxd4 14. Bd3 (14. Nd5 e6 15.
Ne3 b6 16. Bd3 Bb7 17. Nc2 (17. Re1 Qc7 18. Nc2 Nxc2 19. Qxc2 Rac8 20. Rbc1 {
1/2-1/2 Ostojic,N-Popovic,D/Kragujevac 2000/EXT 2001 (20)}) 17... Nxc2 18. Qxc2
Rc8 19. Qa4 Rc7 20. Be3 Qa8 21. f3 f5 $132 {0-1 Sokolov,I-Reinderman,D/
Rotterdam 1999/CBM 72 (65)}) 14... b6 15. f4 a5 16. b5 {[%csl Rc5] This move's
disadvantage is weakening of c5 square.} ({More flexible is} 16. a3) 16... Ne6
17. f5 Nc5 18. Bc2 Nd7 19. Rf3 Ne5 20. Rh3 {This plan of flank Attack with
uncertain situation in the centre is wrong.} e6 21. Qf1 Bd7 ({Strong was} 21...
Bb7 {[%csl Rc4][%cal Ga8c8,Gc8c4]} 22. Nd1 exf5 23. exf5 d5 $15) 22. Nd1 Rc8
23. Ne3 d5 {Black caught an initiative.} 24. Bc3 $1 (24. cxd5 exf5 (24... exd5
25. Rc1 d4 26. Nd5 Bxf5 27. exf5 Qxd5 28. Bb3 Rxc1 29. Bxc1 Qe4 $15) 25. exf5 (
25. Rg3 Bh6 $19) (25. Rc1 fxe4 $19) 25... Rxc2 26. Nxc2 Bxf5 27. Rc3 Ng4 $19)
24... dxe4 25. Qf4 (25. f6 Qxf6 $1 (25... Bxf6 26. Qf4 Nf3+ 27. gxf3 Bxc3 28.
Qh6 Re8 29. Rd1 (29. Rf1 Qf6 30. Qxh7+ Kf8 31. fxe4 Qg7 32. e5 Bxe5 33. Bxg6
Re7 34. Qxg7+ Bxg7 $17 {[%csl Gd7,Ge6,Gf7,Gg7]}) 29... Bg7 30. Qxh7+ Kf8 31.
fxe4 Rc5 32. Kh1 $36) 26. Qxf6 Bxf6 27. Rd1 Be8 $17) 25... Rc5 $2 {Serious
mistake. Black underestimated tactical chances of White.} ({Why not} 25... exf5
26. Bxe5 g5 $1 27. Qf1 Bxe5 28. Nxf5 Rxc4 29. Qxc4 (29. Nh6+ Kg7 30. Qxc4 Bxh3
31. Rd1 Qc7 32. Qxe4 f5 $19) 29... Bxf5 $17) 26. Bxe5 Rxe5 27. f6 Qxf6 28. Qxf6
Bxf6 29. Ng4 Rf5 (29... Bg7 30. Nxe5 Bxe5 31. Rd1 Bc8 32. Bxe4 $14) 30. Rd1 Bg5
$2 $18 {Black decided to continue the resistance without piece, and now
White's win is question of time only.} ({Much better was} 30... Bc8 31. Nxf6+
Rxf6 32. Rd6 Kg7 33. Rxb6 $14 {[%csl Gb5,Gc4]}) 31. Rxd7 Rc5 32. Bxe4 Rxc4 33.
Nf2 Ra4 34. a3 Rd8 35. Rxd8+ Bxd8 36. Bc2 Rc4 37. Bb3 Rc1+ 38. Nd1 Be7 39. a4
Bc5+ 40. Kf1 Bd6 41. Rd3 Be5 42. h3 (42. g3) 42... Kf8 43. Ke2 Ke7 44. Rf3 (44.
Ne3 $18 {[%cal Ge3c4]}) 44... h5 45. Kd2 Rc7 46. Nc3 Rd7+ 47. Rd3 Rxd3+ 48.
Kxd3 Bd6 49. Ne4 Be5 50. Ke2 Bc7 51. Kf3 Be5 52. Nf2 Bd4 53. Nd3 Kf6 54. h4 {
White starts interesting plan: PP exchange on the kingside in order to allow
invasion in the black camp.} Ke7 55. g4 hxg4+ 56. Kxg4 Kf6 57. h5 gxh5+ 58.
Kxh5 Kg7 59. Kg5 Be3+ 60. Kg4 Bd4 61. Kf4 Kf6 62. Bd1 Bg1 63. Bh5 Bh2+ 64. Kf3
Bc7 65. Nb2 Ke7 66. Nc4 f5 {Black can't keep his P on f7:} (66... Kf6 67. Ke4
Ke7 68. Ne5 $18 {[%csl Rf7]}) 67. Ke3 Kf6 68. Be8 Bh2 69. Kf2 Bc7 70. Bd7 Ke7
71. Bc8 Kf6 72. Kg2 Kf7 73. Kh3 Kf6 74. Bd7 Bd8 75. Bc8 Bc7 76. Kh4 Bd8 77. Kh5
Bc7 78. Kh6 Bd8 79. Kh7 Kf7 80. Ne5+ Kf6 81. Nc6 Bc7 82. Nd4 {[%csl Re6,Rf5]
Triumph of White's strategy.} Be5 83. Nxe6 f4 84. Nf8 Bc7 85. Bg4 Ke5 86. Ng6+
(86. Kg6 Ke4 87. Ne6 $18 {[%cal Ge6g5]}) 86... Kd4 87. Nh4 Bd8 88. Nf3+ Kc3 89.
Ng1 Be7 90. Nh3 Kb4 91. Bd1 f3 92. Nf2 Bh4 93. Ng4 f2 94. Nh2 Be7 95. Nf1 Bc5
96. Kg6 Kc3 97. Kf5 Kd3 98. Kg4 Bd6 99. Kf3 Bc5 100. Kg2 Bd4 101. Bh5 Kc2 102.
Ng3 Kb3 103. Bd1+ Kc3 104. Kf1 Kd2 105. Bh5 Ke3 106. Nh1 Kd2 107. Nxf2 Ke3 108.
Nh3 Kd2 109. Bf3 Ke3 110. Kg2 Be5 111. Bh5 Bd6 112. Ng5 Be7 113. Nf7 1-0

[Event "Asia-ch"]
[Site "Kolkata"]
[Date "2001.08.12"]
[Round "4"]
[White "Kotsur, Pavel"]
[Black "Dzhumaev, Marat"]
[Result "0-1"]
[WhiteElo "2600"]
[BlackElo "2497"]
[Annotator "Tsesarsky,I"]
[PlyCount "72"]
[EventDate "2001.08.09"]
[EventType "swiss"]
[EventRounds "11"]
[EventCountry "IND"]
[SourceTitle "CBM 085"]
[Source "ChessBase"]
[SourceDate "2001.11.13"]
[SourceVersion "1"]
[SourceVersionDate "2001.11.13"]
[SourceQuality "1"]

1. e4 g6 2. d4 Bg7 3. c4 c5 4. Nf3 d6 5. Nc3 cxd4 6. Nxd4 Nf6 7. Be2 Nc6 8. Nc2
{This move avoids pieces exchange, but has also a number of disadvantages:
first of all - tempo loss, second - N became too far from the center. Since,
Black can organize counterplay connected with b7-b5 and d6-d5 breaks.} (8. Be3
$5) 8... O-O 9. O-O Bd7 (9... Be6 {-mainline.}) 10. Bd2 ({Interesting is also} 
10. Bg5 {that was popular at the 1960-s:} Qa5 (10... Rc8 11. Ne3 h6 12. Bh4 Be6
13. Rc1 Ne5 14. b3 g5 15. Bg3 $14 {1-0 Podgaets,M-Harestad,T/Graz 1972/MCD (43)
}) 11. Qd2 (11. Bd2 Rfc8 12. Rb1 Qd8 13. Re1 a6 14. a4 $132 {1/2-1/2 Bagirov,
V-Gaprindashvili,N/Baku 1966/EXT 2001 (52)}) 11... Rfc8 12. Rad1 (12. Rfd1 Ne5
13. Ne3 Be6 $132 (13... Nf3+ $2 14. Bxf3 Qxg5 15. e5 $1 $16 {[%csl Rb7][%cal
Gf3b7] 1-0 Trifunovic,P-Bobotsov,M/Noordwijk 1965/MCD (25)})) 12... Be6 13. Kh1
a6 14. a3 Rab8 15. b4 Qd8 16. f4 b5 17. cxb5 axb5 18. Ne3 $14 {1-0 Kortschnoj,
V-Lepeshkin,V/Tallinn 1965/URS-ch (27)}) 10... Qb6 (10... a6 11. Kh1 Qb8 12. f3
Rc8 13. Ne3 e6 14. Be1 Ne8 15. a4 Nd4 16. Bd3 b5 $132 {1/2-1/2 Hegeler,
F-Heinemann,T/Hamburg 1997/EXT 98 (29)}) (10... Rc8 11. Rc1 {-see commented
game 1-0 Conquest,S-Gonzalez,R/Cienfuegos 1996/CBM 54 [Boensch,U](44)}) 11. Kh1
Rfc8 (11... Qxb2 $4 12. Rb1 $18 {[%csl Rb2]}) 12. b3 Qd8 13. Rc1 a6 14. f3 Ne8
15. a4 e6 $1 16. Re1 Na7 {[%cal Gb7b5] Preparing b7-b5.} 17. Ne3 (17. b4 b6
$132 ({Worth of attention also P sacrifice acception:} 17... Bxc3 18. Bxc3 Bxa4
19. Qd2 $44)) 17... Rab8 {[%cal Gb7b5]} 18. Nf1 ({Interesting was N jump:} 18.
Ng4 $5 {-attempt to prevent} b5 $5 19. axb5 axb5 20. Be3 $5 {[%csl Ra7][%cal
Ge3a7]} ({Or} 20. Bh6 Bxh6 $1 (20... b4 21. Bxg7 Kxg7 22. Qd4+ e5 23. Qxa7 bxc3
24. Rxc3 $16) 21. Nxh6+ Kg7 22. Qd4+ Kxh6 23. Qxa7 bxc4 24. Bxc4 Rc5 $132)
20... Rb7 $1 $132 ({Not} 20... Rc7 $2 {in view of} 21. e5 $1 dxe5 22. cxb5 {
[%cal Gb5b6]} Nc8 {[%csl Rb6][%cal Gc8b6]} 23. f4 $1 $16)) 18... b5 $1 {
Black has implemented his plan and equalized.} 19. Be3 Rb7 20. axb5 axb5 21.
Qd2 bxc4 22. Bxc4 Nb5 $1 {[%csl Rb3]} 23. Nxb5 Bxb5 24. Bd4 {White must fight
for draw.} Bxc4 25. bxc4 Bxd4 26. Qxd4 Qb6 27. Qd3 $1 {Avoiding QQ exchange.} (
27. Qxb6 Rxb6 28. Ne3 $15 {[%csl Rc4,Gd6][%cal Gg8f8,Gf8e7]}) 27... Qb3 28. Rc3
Qa4 29. Ne3 Rb2 30. e5 $2 $17 {Terrible move connected with some blunder.} ({
Why not} 30. Ra3 Qb4 31. Rea1 $11 {[%csl Re8]}) 30... dxe5 31. Ra3 (31. Nd1 Rb4
32. Rxe5 Rbxc4 $17) 31... Qb4 32. Rd1 Nf6 33. Qc3 Qxc3 34. Rxc3 Rc5 35. Kg1 g5
36. Nc2 $2 $19 {[%mdl 8192]} (36. Rcc1 $142 $17) 36... Nd5 0-1